• 首页
  • 本馆介绍
  • 公告通知
  • 最新文献
  • 馆藏检索
  • 电子资源
  • 读者导购
  • 参考咨询
  • 我的图书馆
  • 登录
  • 详细信息显示
  • 放入我的书架
  • 预约/预借图书
  • 作者相关作品
  • 分类相关作品
  • 丛书相关作品
  • 出版社相关作品

书目信息

  • 表格格式
  • 工作单格式
  • 卡片格式
题名:
古地磁学
    
 
作者: 朱岗崑 编著
分册:  
出版信息: 北京   科学出版社  2005
页数: 256页
开本: 26cm
丛书名: 中国科学院研究生教学丛书
单 册:
中图分类: P318.4
科图分类:
主题词: 古地磁学--研究生--教材 , 古地磁学
电子资源:
ISBN: 7-03-015317-0
000 01042oam2 2200277 450
001 002970018
005 20070805105743.04
010    @a7-03-015317-0@b精装@dCNY48.00
035    @a002970018
100    @a20050119d2005 em y0chiy0110 ea
101 0  @achi
102    @aCN@b110000
105    @aa z 000yy
106    @ar
200 1  @a古地磁学@Agu di ci xue@e基础、原理、方法、成果与应用@Eji chu、 yuan li、 fang fa、 cheng guo yu ying yong@f朱岗崑编著@Fzhu gang kun bian zhu
210    @a北京@c科学出版社@d2005
215    @a256页@c图@d26cm
225 2  @a中国科学院研究生教学丛书@Azhong guo ke xue yuan yan jiu sheng jiao xue cong shu
330    @a本书从最基础的磁性起源开始到地磁学的基本内容,进而讨论岩石磁学以及古地磁学研究的方法和技术,最后结合实例介绍了古地磁的最新研究成果。
461  0 @1001012001019848@12001 @a中国科学院研究生教学丛书
606 0  @a古地磁学@x研究生@j教材
606 0  @a古地磁学
690    @aP318.4@v4
701  0 @a朱岗崑@Azhu gang kun@f(1916~)@4编著
801  0 @aCN@bNLC@c20070805
905    @dP318.4@e98@f4
    
    古地磁学:基础、原理、方法、成果与应用/朱岗崑编著.-北京:科学出版社,2005
    256页:图;26cm.-(中国科学院研究生教学丛书)
    
    
    ISBN 7-03-015317-0(精装):CNY48.00
    本书从最基础的磁性起源开始到地磁学的基本内容,进而讨论岩石磁学以及古地磁学研究的方法和技术,最后结合实例介绍了古地磁的最新研究成果。
●
相关链接 在E读中查询图书 在五车中查询图书 在当当中查询图书 在豆瓣中查询图书


正题名:古地磁学     索取号:P318.4/98         预约/预借

序号 登录号 条形码 馆藏地/架位号 状态 备注
1 0852822   208528226   第二样本阅览室/ [索取号:P318.4/98] 在馆    
2 0852823   208528235   第三借阅区/ [索取号:P318.4/98] 在馆    
3 0852824   208528244   第三借阅区/ [索取号:P318.4/98] 在馆    
4 0852825   208528253   第三借阅区/ [索取号:P318.4/98] 在馆    
唐山师范学院图书馆 欢迎您!
大连网信软件有限公司© 版权所有